• 首页
  • 本馆介绍
  • 公告通知
  • 最新文献
  • 馆藏检索
  • 电子资源
  • 读者导购
  • 参考咨询
  • 我的图书馆
  • 登录
  • 详细信息显示
  • 放入我的书架
  • 预约/预借图书
  • 作者相关作品
  • 分类相关作品
  • 丛书相关作品
  • 出版社相关作品

书目信息

  • 表格格式
  • 工作单格式
  • 卡片格式
题名:
经济危机和周期的理论与历史
    
 
作者: 门德尔逊 著 ;三联书店翻译组 译
分册: 第三卷  
出版信息: 北京   三联书店  1977
页数: 595页
开本: 20cm
丛书名:
单 册:
中图分类: F039
科图分类:
主题词: 经济危机-资本主义经济 , 资本主义经济-经济危机
电子资源:
ISBN:
000 00742nam0 2200241 45
001 0177002185
005 20060803084840.03
010    @dCNY1.75
100    @a19950925d1977 em y0chiy0121 ea
101 1  @achi@crus
102    @aCN@b110000
105    @ay z 000yy
200 10 @a经济危机和周期的理论与历史@Ajing ji wei ji he zhou qi de li lun yu li shi@h第三卷@f(苏)A.门德尔逊著@g三联书店翻译组译
210    @a北京@c三联书店@d1977
215    @a595页@d20cm
606    @a经济危机-资本主义经济
606    @a资本主义经济-经济危机
690    @aF039@v3
701  1 @a门德尔逊@bA.@Amen de er xun@4著
712 02 @a三联书店翻译组@Asan lian shu dian fan yi zu@4译
801  2 @aCN@bNLC@c20060803
801  0 @aCN@bTSSF
905    @a10447@dF039@e43:3
    
    经济危机和周期的理论与历史.第三卷/(苏)A.门德尔逊著/三联书店翻译组译.-北京:三联书店,1977
    595页;20cm
    
    
    ISBN :CNY1.75
    
●
相关链接 在E读中查询图书 在五车中查询图书 在当当中查询图书 在豆瓣中查询图书


正题名:经济危机和周期的理论与历史     索取号:F039/43:3         预约/预借

序号 登录号 条形码 馆藏地/架位号 状态 备注
1 0442186   204421866   密集书库/ [索取号:F039/43:3] 在馆    
唐山师范学院图书馆 欢迎您!
大连网信软件有限公司© 版权所有